Návrh environmentálne orientovanej stratégie pre vybrané SPJ ŽOS Trnava, a.s. : Diplomová práca

Na minha lista:
Detalhes bibliográficos
Autor principal: Bošnáková, Miroslava, 1982- (Author)
Outros Autores: Sakál, Peter, 1951- (xxx)
Formato: Manuscrito Livro
Idioma:eslovaco
Publicado em: Trnava : STU v Bratislave MtF KPIM, 2006
Assuntos:
Tags: Adicionar Tag
Sem tags, seja o primeiro a adicionar uma tag!

MARC

LEADER 00000ntm a22000003a 4500
001 stu121634
005 20150617225856.9
008 060621s2006----xo------------------slo-d
040 |a STU  |b slo 
041 0 |a slo 
044 |a xo 
100 1 |a Bošnáková, Miroslava,  |d 1982-  |4 aut  |u M220  |U MTF Ústav inžinierskej pedagogiky a humatitných vied  |T MTF Katedra inžinierskej pedagogiky a psychológie  |X 16896  |U M220  |Y M220  |7 A000016896 
245 1 |a Návrh environmentálne orientovanej stratégie pre vybrané SPJ ŽOS Trnava, a.s. :  |b Diplomová práca 
260 |a Trnava :  |b STU v Bratislave MtF KPIM,  |c 2006 
300 |a 104 s  |c príl., 1 CD 
650 7 |a priemyselné inžinierstvo a manažment  |2 stusub 
650 7 |a strategický manažment  |2 stusub 
700 1 |a Sakál, Peter,  |d 1951-  |4 xxx  |u M4000  |U MTF Materiálovotechnologická fakulta  |T MTF Ústav priemyselného inžinierstva a manažmentu  |X 325  |U M4000  |Y 84  |7 A000000325 
996 |b 284M073513  |c M*DP-6095  |l MMSKP  |s P  |a 0  |w stu121634_0001